[Event "T-Director's Swiss sytem"]
[Site "playchess.com #662980"]
[Date "2014.03.16"]
[Round "7"]
[White "Alphabeta"]
[Black "Chessys"]
[Result "1/2-1/2"]
[WhiteElo "1746"]
[BlackElo "1580"]
[PlyCount "83"]
[EventDate "2014.03.16"]
[EventType "swiss (blitz)"]

1. e4 {[%emt 0:00:03]} e5 {[%emt 0:00:02]} 2. f4 {[%emt 0:00:01]} exf4 {[%emt
0:00:03]} 3. Bc4 {[%emt 0:00:01]} d6 {[%emt 0:00:09]} 4. Nc3 {[%emt 0:00:02]}
Qh4+ {[%emt 0:00:15]} 5. Kf1 {[%emt 0:00:01]} Bg4 {[%emt 0:00:05]} 6. Nf3 {
[%emt 0:00:02]} Qh5 {[%emt 0:00:11]} 7. Nd5 {[%emt 0:00:15]} Bxf3 {[%emt 0:00:
12]} 8. Qxf3 {[%emt 0:00:05]} Qxf3+ {[%emt 0:00:05]} 9. gxf3 {[%emt 0:00:00]}
Kd7 {[%emt 0:00:06]} 10. Nxf4 {[%emt 0:00:08]} g6 {[%emt 0:00:08]} 11. Bxf7 {
[%emt 0:00:02]} Bg7 {[%emt 0:00:04]} 12. c3 {[%emt 0:00:03]} Nh6 {[%emt 0:00:
07]} 13. Bb3 {[%emt 0:00:06]} Rf8 {[%emt 0:00:03]} 14. d4 {[%emt 0:00:08]} Nc6
{[%emt 0:00:15]} 15. Ke2 {[%emt 0:00:14]} Rae8 {[%emt 0:00:07]} 16. Be3 {[%emt
0:00:09]} a6 {[%emt 0:00:05]} 17. h4 {[%emt 0:00:03]} Na5 {[%emt 0:00:14]} 18.
h5 {[%emt 0:00:14]} Nxb3 {[%emt 0:00:06]} 19. axb3 {[%emt 0:00:00]} g5 {[%emt
0:00:11]} 20. Nd5 {[%emt 0:00:04]} c6 {[%emt 0:00:15]} 21. Nb6+ {[%emt 0:00:11]
} Kc7 {[%emt 0:00:03]} 22. Nc4 {[%emt 0:00:04]} Nf7 {[%emt 0:00:12]} 23. h6 {
[%emt 0:00:08]} Bxh6 {[%emt 0:00:10]} 24. Rh5 {[%emt 0:00:10]} Rg8 {[%emt 0:00:
21]} 25. Rah1 {[%emt 0:00:04]} b5 {[%emt 0:00:06]} 26. Nd2 {[%emt 0:00:06]} Bg7
{[%emt 0:00:32]} 27. Rxh7 {[%emt 0:00:04]} Rh8 {[%emt 0:00:03]} 28. Rxg7 {
[%emt 0:00:19]} Rxh1 {[%emt 0:00:04]} 29. Rxf7+ {[%emt 0:00:01]} Kb8 {[%emt 0:
00:08]} 30. Bxg5 {[%emt 0:00:01]} Rg8 {[%emt 0:00:10]} 31. f4 {[%emt 0:00:07]}
Rgh8 {[%emt 0:00:10]} 32. Be7 {[%emt 0:00:19]} R8h2+ {[%emt 0:00:05]} 33. Kd3 {
[%emt 0:00:01]} Rd1 {[%emt 0:00:06]} 34. Bxd6+ {[%emt 0:00:09]} Kc8 {[%emt 0:
00:08]} 35. Rc7+ {[%emt 0:00:07]} Kd8 {[%emt 0:00:01]} 36. Rxc6 {[%emt 0:00:03]
} Rdxd2+ {[%emt 0:00:04]} 37. Ke3 {[%emt 0:00:03]} Rhf2 {[%emt 0:00:13]} 38. f5
{[%emt 0:00:11]} Rde2+ {[%emt 0:00:04]} 39. Kd3 {[%emt 0:00:01]} Rd2+ {[%emt 0:
00:01]} 40. Ke3 {[%emt 0:00:01]} Rde2+ {[%emt 0:00:01]} 41. Kd3 {[%emt 0:00:01]
} Rd2+ {[%emt 0:00:01] Alphabeta offre la patta} 42. Ke3 {[%emt 0:00:02]}
1/2-1/2

[Event "T-Director's Swiss sytem"]
[Site "playchess.com #662980"]
[Date "2014.03.16"]
[Round "1"]
[White "Alphabeta"]
[Black "Laxman"]
[Result "0-1"]
[WhiteElo "1709"]
[BlackElo "2573"]
[PlyCount "38"]
[EventDate "2014.03.16"]
[EventType "swiss (blitz)"]

1. e4 {[%emt 0:00:02]} e5 {[%emt 0:00:01]} 2. f4 {[%emt 0:00:01]} exf4 {[%emt
0:00:02]} 3. Bc4 {[%emt 0:00:01]} Nf6 {[%emt 0:00:07]} 4. Nc3 {[%emt 0:00:01]}
Bb4 {[%emt 0:00:18]} 5. Nf3 {[%emt 0:00:06]} O-O {[%emt 0:00:03]} 6. O-O {
[%emt 0:00:01]} Nxe4 {[%emt 0:00:05]} 7. Nxe4 {[%emt 0:00:08]} d5 {[%emt 0:00:
01]} 8. Bxd5 {[%emt 0:00:07]} Qxd5 {[%emt 0:00:01]} 9. d3 {[%emt 0:00:04]} Bd6
{[%emt 0:00:06]} 10. c4 {[%emt 0:00:04]} Qf5 {[%emt 0:00:05]} 11. Nd4 {[%emt 0:
00:05]} Bc5 {[%emt 0:00:06]} 12. Be3 {[%emt 0:00:05]} Qe5 {[%emt 0:00:09]} 13.
Bxf4 {[%emt 0:00:18]} Bxd4+ {[%emt 0:00:05]} 14. Kh1 {[%emt 0:00:01]} Qe7 {
[%emt 0:00:02]} 15. Qh5 {[%emt 0:00:11]} f5 {[%emt 0:00:08]} 16. Ng5 {[%emt 0:
00:05]} h6 {[%emt 0:00:02]} 17. Nf3 {[%emt 0:00:04]} Bxb2 {[%emt 0:00:04]} 18.
Rae1 {[%emt 0:00:02]} Qf7 {[%emt 0:00:01]} 19. Bxh6 {[%emt 0:00:08]} Qxh5 {
[%emt 0:00:01] Alphabeta abbandona} 0-1

[Event "T-Director's Swiss sytem"]
[Site "playchess.com #662980"]
[Date "2014.03.16"]
[Round "2"]
[White "Alphabeta"]
[Black "Lerroi"]
[Result "1-0"]
[WhiteElo "1709"]
[BlackElo "1320"]
[PlyCount "151"]
[EventDate "2014.03.16"]
[EventType "swiss (blitz)"]

1. e4 {[%emt 0:00:03]} e6 {[%emt 0:00:01]} 2. d4 {[%emt 0:00:01]} d5 {[%emt 0:
00:01]} 3. Nc3 {[%emt 0:00:00]} Bb4 {[%emt 0:00:03]} 4. e5 {[%emt 0:00:01]} c5
{[%emt 0:00:02]} 5. a3 {[%emt 0:00:00]} cxd4 {[%emt 0:00:01]} 6. axb4 {[%emt 0:
00:04]} dxc3 {[%emt 0:00:01]} 7. Qg4 {[%emt 0:00:06]} Kf8 {[%emt 0:00:10]} 8.
Bd3 {[%emt 0:00:03]} Qc7 {[%emt 0:00:03]} 9. Nf3 {[%emt 0:00:03]} Nc6 {[%emt 0:
00:04]} 10. O-O {[%emt 0:00:05]} Nxe5 {[%emt 0:00:05]} 11. Nxe5 {[%emt 0:00:04]
} Qxe5 {[%emt 0:00:02]} 12. Bf4 {[%emt 0:00:02]} f5 {[%emt 0:00:29]} 13. Bxe5 {
[%emt 0:00:17]} fxg4 {[%emt 0:00:04]} 14. bxc3 {[%emt 0:00:01]} Nf6 {[%emt 0:
00:03]} 15. f3 {[%emt 0:00:02]} h5 {[%emt 0:00:12]} 16. fxg4 {[%emt 0:00:01]}
hxg4 {[%emt 0:00:04]} 17. Bxf6 {[%emt 0:00:02]} gxf6 {[%emt 0:00:01]} 18. Rxf6+
{[%emt 0:00:00]} Ke7 {[%emt 0:00:01]} 19. Raf1 {[%emt 0:00:01]} Bd7 {[%emt 0:
00:08]} 20. Rf7+ {[%emt 0:00:02]} Kd6 {[%emt 0:00:01]} 21. Rg7 {[%emt 0:00:01]}
Rag8 {[%emt 0:00:07]} 22. Rff7 {[%emt 0:00:04]} Rxg7 {[%emt 0:00:01]} 23. Rxg7
{[%emt 0:00:01]} e5 {[%emt 0:00:03]} 24. Rg6+ {[%emt 0:00:06]} Kc7 {[%emt 0:00:
12]} 25. Be2 {[%emt 0:00:05]} Bf5 {[%emt 0:00:13]} 26. Rg7+ {[%emt 0:00:04]}
Kb6 {[%emt 0:00:02]} 27. Bxg4 {[%emt 0:00:03]} Bxc2 {[%emt 0:00:02]} 28. Rg5 {
[%emt 0:00:02]} Re8 {[%emt 0:00:10]} 29. Kf2 {[%emt 0:00:05]} Re7 {[%emt 0:00:
02]} 30. Ke3 {[%emt 0:00:03]} Kc6 {[%emt 0:00:09]} 31. h4 {[%emt 0:00:03]} Kb5
{[%emt 0:00:16]} 32. Kd2 {[%emt 0:00:11]} Be4 {[%emt 0:00:07]} 33. Be2+ {[%emt
0:00:05]} Kc6 {[%emt 0:00:02]} 34. h5 {[%emt 0:00:03]} Kd6 {[%emt 0:00:06]} 35.
g4 {[%emt 0:00:07]} d4 {[%emt 0:00:03]} 36. cxd4 {[%emt 0:00:04]} exd4 {[%emt
0:00:01]} 37. Bd3 {[%emt 0:00:04]} Bd5 {[%emt 0:00:14]} 38. h6 {[%emt 0:00:01]}
b6 {[%emt 0:00:14]} 39. Rg6+ {[%emt 0:00:02]} Ke5 {[%emt 0:00:05]} 40. Rg5+ {
[%emt 0:00:13]} Kd6 {[%emt 0:00:05]} 41. Rf5 {[%emt 0:00:03]} Re6 {[%emt 0:00:
13]} 42. g5 {[%emt 0:00:01]} Re8 {[%emt 0:00:25]} 43. g6 {[%emt 0:00:06]} Be6 {
[%emt 0:00:03]} 44. Rf6 {[%emt 0:00:08]} Ke5 {[%emt 0:00:01]} 45. Rxe6+ {[%emt
0:00:01]} Kxe6 {[%emt 0:00:01]} 46. g7 {[%emt 0:00:07]} Kf6 {[%emt 0:00:02]}
47. Bc4 {[%emt 0:00:03]} Kg6 {[%emt 0:00:17]} 48. g8=Q+ {[%emt 0:00:03]} Rxg8 {
[%emt 0:00:01]} 49. Bxg8 {[%emt 0:00:00]} Kxh6 {[%emt 0:00:01]} 50. Kd3 {[%emt
0:00:00]} Kg6 {[%emt 0:00:01]} 51. Kxd4 {[%emt 0:00:00]} Kf6 {[%emt 0:00:00]}
52. Kd5 {[%emt 0:00:00]} Ke7 {[%emt 0:00:00]} 53. Kc6 {[%emt 0:00:01]} a5 {
[%emt 0:00:02]} 54. b5 {[%emt 0:00:04]} a4 {[%emt 0:00:03]} 55. Kxb6 {[%emt 0:
00:01]} Kd6 {[%emt 0:00:01]} 56. Ka7 {[%emt 0:00:03]} a3 {[%emt 0:00:04]} 57.
b6 {[%emt 0:00:01]} Kc5 {[%emt 0:00:05]} 58. b7 {[%emt 0:00:01]} Kd4 {[%emt 0:
00:17]} 59. b8=Q {[%emt 0:00:01]} Kc3 {[%emt 0:00:01]} 60. Ka6 {[%emt 0:00:03]}
a2 {[%emt 0:00:01]} 61. Qb3+ {[%emt 0:00:05]} Kd4 {[%emt 0:00:02]} 62. Qxa2 {
[%emt 0:00:02]} Kc3 {[%emt 0:00:01]} 63. Qb3+ {[%emt 0:00:02]} Kd4 {[%emt 0:00:
01]} 64. Qc4+ {[%emt 0:00:01]} Ke5 {[%emt 0:00:02]} 65. Qd5+ {[%emt 0:00:01]}
Kf6 {[%emt 0:00:01]} 66. Qe6+ {[%emt 0:00:01]} Kg7 {[%emt 0:00:01]} 67. Qf7+ {
[%emt 0:00:01]} Kh6 {[%emt 0:00:02]} 68. Qf6+ {[%emt 0:00:04]} Kh5 {[%emt 0:00:
01]} 69. Bf7+ {[%emt 0:00:05]} Kg4 {[%emt 0:00:02]} 70. Kb5 {[%emt 0:00:01]}
Kg3 {[%emt 0:00:05]} 71. Kc4 {[%emt 0:00:01]} Kg2 {[%emt 0:00:02]} 72. Kd3 {
[%emt 0:00:01]} Kh3 {[%emt 0:00:01]} 73. Qg6 {[%emt 0:00:04]} Kh4 {[%emt 0:00:
02]} 74. Ke3 {[%emt 0:00:00]} Kh3 {[%emt 0:00:08]} 75. Kf3 {[%emt 0:00:00]} Kh4
{[%emt 0:00:03]} 76. Qg4# {[%emt 0:00:02]} 1-0

[Event "T-Director's Swiss sytem"]
[Site "playchess.com #662980"]
[Date "2014.03.16"]
[Round "4"]
[White "Alphabeta"]
[Black "Orgoi"]
[Result "0-1"]
[WhiteElo "1741"]
[BlackElo "2101"]
[PlyCount "74"]
[EventDate "2014.03.16"]
[EventType "swiss (blitz)"]

1. e4 {[%emt 0:00:02]} c5 {[%emt 0:00:02]} 2. Nf3 {[%emt 0:00:01]} d6 {[%emt 0:
00:01]} 3. d4 {[%emt 0:00:00]} cxd4 {[%emt 0:00:01]} 4. Nxd4 {[%emt 0:00:00]}
Nf6 {[%emt 0:00:02]} 5. Nc3 {[%emt 0:00:00]} a6 {[%emt 0:00:01]} 6. Bc4 {[%emt
0:00:00]} e6 {[%emt 0:00:02]} 7. Bb3 {[%emt 0:00:00]} b5 {[%emt 0:00:07]} 8.
Be3 {[%emt 0:00:00]} Nbd7 {[%emt 0:00:02]} 9. Qe2 {[%emt 0:00:01]} Nc5 {[%emt
0:00:02]} 10. O-O-O {[%emt 0:00:03]} Nxb3+ {[%emt 0:00:03]} 11. axb3 {[%emt 0:
00:01]} Qa5 {[%emt 0:00:07]} 12. Kb1 {[%emt 0:00:01]} Bb7 {[%emt 0:00:02]} 13.
f3 {[%emt 0:00:11]} Be7 {[%emt 0:00:01]} 14. g4 {[%emt 0:00:01]} O-O {[%emt 0:
00:08]} 15. g5 {[%emt 0:00:01]} Nd7 {[%emt 0:00:02]} 16. h4 {[%emt 0:00:00]} b4
{[%emt 0:00:03]} 17. Na4 {[%emt 0:00:05]} Nc5 {[%emt 0:00:01]} 18. h5 {[%emt 0:
00:18]} Nxa4 {[%emt 0:00:03]} 19. bxa4 {[%emt 0:00:01]} Qxa4 {[%emt 0:00:06]}
20. g6 {[%emt 0:00:01]} Bf6 {[%emt 0:00:09]} 21. h6 {[%emt 0:00:17]} fxg6 {
[%emt 0:00:05]} 22. hxg7 {[%emt 0:00:02]} Bxg7 {[%emt 0:00:02]} 23. Nxe6 {
[%emt 0:00:03]} Bxb2 {[%emt 0:00:02]} 24. Kxb2 {[%emt 0:00:04]} Qa3+ {[%emt 0:
00:01]} 25. Kb1 {[%emt 0:00:01]} b3 {[%emt 0:00:02]} 26. Bd4 {[%emt 0:00:23]}
Qa2+ {[%emt 0:00:08]} 27. Kc1 {[%emt 0:00:02]} Rac8 {[%emt 0:00:01]} 28. Rd2 {
[%emt 0:00:18]} bxc2 {[%emt 0:00:02]} 29. Rxc2 {[%emt 0:00:02]} Qxe6 {[%emt 0:
00:04]} 30. Bc3 {[%emt 0:00:05]} Rf7 {[%emt 0:00:21]} 31. f4 {[%emt 0:00:05]}
Rfc7 {[%emt 0:00:03]} 32. Qd3 {[%emt 0:00:08]} Bxe4 {[%emt 0:00:10]} 33. Qd4 {
[%emt 0:00:03]} Rxc3 {[%emt 0:00:02]} 34. Rxc3 {[%emt 0:00:02]} Bxh1 {[%emt 0:
00:07]} 35. Rxc8+ {[%emt 0:00:08]} Qxc8+ {[%emt 0:00:01]} 36. Kd2 {[%emt 0:00:
00]} Qc5 {[%emt 0:00:04]} 37. Qd3 {[%emt 0:00:07]} Qd5 {[%emt 0:00:03]
Alphabeta abbandona  (Lag: Av=0.65s, max=1.5s)} 0-1

[Event "T-Director's Swiss sytem"]
[Site "playchess.com #662980"]
[Date "2014.03.16"]
[Round "8"]
[White "Alphabeta"]
[Black "Seewald"]
[Result "1-0"]
[WhiteElo "1738"]
[BlackElo "1735"]
[PlyCount "135"]
[EventDate "2014.03.16"]
[EventType "swiss (blitz)"]

1. e4 {[%emt 0:00:03]} Nc6 {[%emt 0:00:00]} 2. Nf3 {[%emt 0:00:02]} e5 {[%emt
0:00:00]} 3. Bc4 {[%emt 0:00:02]} Bc5 {[%emt 0:00:01]} 4. O-O {[%emt 0:00:02]}
d6 {[%emt 0:00:01]} 5. c3 {[%emt 0:00:00]} Bg4 {[%emt 0:00:02]} 6. Qb3 {[%emt
0:00:06]} Qd7 {[%emt 0:00:05]} 7. Bxf7+ {[%emt 0:00:05]} Qxf7 {[%emt 0:00:02]}
8. Qxb7 {[%emt 0:00:01]} Nd8 {[%emt 0:00:06]} 9. Qxa8 {[%emt 0:00:01]} Bxf3 {
[%emt 0:00:01]} 10. gxf3 {[%emt 0:00:01]} Qxf3 {[%emt 0:00:01]} 11. d4 {[%emt
0:00:07]} Qg4+ {[%emt 0:00:02]} 12. Kh1 {[%emt 0:00:02]} Qf3+ {[%emt 0:00:01]}
13. Kg1 {[%emt 0:00:01]} exd4 {[%emt 0:00:04]} 14. Nd2 {[%emt 0:00:02]} Qg4+ {
[%emt 0:00:04]} 15. Kh1 {[%emt 0:00:01]} Nf6 {[%emt 0:00:01]} 16. Rg1 {[%emt 0:
00:06]} Qh4 {[%emt 0:00:08]} 17. Rg3 {[%emt 0:00:14]} dxc3 {[%emt 0:00:19]} 18.
Nf3 {[%emt 0:00:02]} Qxe4 {[%emt 0:00:03]} 19. Qxe4+ {[%emt 0:00:03]} Nxe4 {
[%emt 0:00:00]} 20. Rxg7 {[%emt 0:00:01]} Rf8 {[%emt 0:00:09]} 21. Kg2 {[%emt
0:00:04]} Ne6 {[%emt 0:00:09]} 22. Rxh7 {[%emt 0:00:04]} cxb2 {[%emt 0:00:01]}
23. Bxb2 {[%emt 0:00:01]} Nf4+ {[%emt 0:00:02]} 24. Kf1 {[%emt 0:00:04]} Nd3 {
[%emt 0:00:03]} 25. Rh8 {[%emt 0:00:07]} Nxb2 {[%emt 0:00:04]} 26. Rxf8+ {
[%emt 0:00:01]} Kxf8 {[%emt 0:00:00]} 27. Rb1 {[%emt 0:00:03]} Nd3 {[%emt 0:00:
03]} 28. Ke2 {[%emt 0:00:03]} Ndxf2 {[%emt 0:00:02]} 29. Rf1 {[%emt 0:00:02]}
Ke7 {[%emt 0:00:05]} 30. h4 {[%emt 0:00:02]} Ng3+ {[%emt 0:00:04]} 31. Ke1 {
[%emt 0:00:03]} Nxf1 {[%emt 0:00:00]} 32. Kxf1 {[%emt 0:00:01]} Ng4 {[%emt 0:
00:02]} 33. Kg2 {[%emt 0:00:02]} Kf6 {[%emt 0:00:03]} 34. Ng5 {[%emt 0:00:03]}
d5 {[%emt 0:00:05]} 35. Kg3 {[%emt 0:00:02]} Nh6 {[%emt 0:00:02]} 36. a4 {
[%emt 0:00:03]} c6 {[%emt 0:00:02]} 37. Kf4 {[%emt 0:00:03]} Nf5 {[%emt 0:00:
03]} 38. Nf3 {[%emt 0:00:03]} Nd4 {[%emt 0:00:11]} 39. Ng5 {[%emt 0:00:07]}
Bd6+ {[%emt 0:00:07]} 40. Kg4 {[%emt 0:00:05]} c5 {[%emt 0:00:03]} 41. h5 {
[%emt 0:00:05]} Bf8 {[%emt 0:00:02]} 42. Nh7+ {[%emt 0:00:02]} Kg7 {[%emt 0:00:
02]} 43. Nxf8 {[%emt 0:00:01]} Kxf8 {[%emt 0:00:01]} 44. Kg5 {[%emt 0:00:00]}
c4 {[%emt 0:00:01]} 45. Kg6 {[%emt 0:00:01]} c3 {[%emt 0:00:01]} 46. h6 {[%emt
0:00:01]} Nf5 {[%emt 0:00:08]} 47. h7 {[%emt 0:00:01]} c2 {[%emt 0:00:07]} 48.
h8=Q+ {[%emt 0:00:01]} Ke7 {[%emt 0:00:00]} 49. Qc3 {[%emt 0:00:03]} Nh4+ {
[%emt 0:00:04]} 50. Kh5 {[%emt 0:00:02]} Nf3 {[%emt 0:00:02]} 51. Qxc2 {[%emt
0:00:02]} Kd6 {[%emt 0:00:11]} 52. Kg4 {[%emt 0:00:07]} Ne5+ {[%emt 0:00:02]}
53. Kf5 {[%emt 0:00:03]} Nc4 {[%emt 0:00:02]} 54. Qc3 {[%emt 0:00:05]} Kc5 {
[%emt 0:00:02]} 55. Kf4 {[%emt 0:00:12]} d4 {[%emt 0:00:01]} 56. Qd3 {[%emt 0:
00:02]} Nd6 {[%emt 0:00:12]} 57. Ke5 {[%emt 0:00:10]} Nf7+ {[%emt 0:00:04]} 58.
Ke6 {[%emt 0:00:04]} Nd6 {[%emt 0:00:01]} 59. Qa3+ {[%emt 0:00:03]} Kc4 {[%emt
0:00:04]} 60. Qxd6 {[%emt 0:00:01]} d3 {[%emt 0:00:00]} 61. Qh2 {[%emt 0:00:03]
} Kc3 {[%emt 0:00:01]} 62. Qc7+ {[%emt 0:00:03]} Kb2 {[%emt 0:00:02]} 63. Qe5+
{[%emt 0:00:03]} Kc2 {[%emt 0:00:01]} 64. Qc5+ {[%emt 0:00:02]} Kb2 {[%emt 0:
00:01]} 65. Qb4+ {[%emt 0:00:01]} Kc2 {[%emt 0:00:01]} 66. Qc4+ {[%emt 0:00:02]
} Kd2 {[%emt 0:00:00]} 67. Ke5 {[%emt 0:00:02]} Ke2 {[%emt 0:00:03]} 68. Ke4 {
[%emt 0:00:01] Seewald geeft op} 1-0

[Event "T-Director's Swiss sytem"]
[Site "playchess.com #662980"]
[Date "2014.03.16"]
[Round "3"]
[White "Arash Roghani"]
[Black "Jobijo"]
[Result "1-0"]
[WhiteElo "1959"]
[BlackElo "1394"]
[PlyCount "121"]
[EventDate "2014.03.16"]
[EventType "swiss (blitz)"]

1. d4 {[%emt 0:00:04]} e6 {[%emt 0:00:04] Arash Roghani reconnected.} 2. c4 {
[%emt 0:00:19]} d5 {[%emt 0:00:01]} 3. Nc3 {[%emt 0:00:02]} dxc4 {[%emt 0:00:
03]} 4. Nf3 {[%emt 0:00:02]} a6 {[%emt 0:00:04]} 5. a4 {[%emt 0:00:02]} Bb4 {
[%emt 0:00:13]} 6. e3 {[%emt 0:00:03]} Nf6 {[%emt 0:00:12]} 7. Bxc4 {[%emt 0:
00:02]} Ne4 {[%emt 0:00:05]} 8. Bd2 {[%emt 0:00:01]} Nxd2 {[%emt 0:00:05]} 9.
Qxd2 {[%emt 0:00:01]} Nc6 {[%emt 0:00:04]} 10. O-O {[%emt 0:00:02]} Bd7 {[%emt
0:00:03]} 11. Qc2 {[%emt 0:00:05]} h6 {[%emt 0:00:05]} 12. Rfd1 {[%emt 0:00:07]
} g5 {[%emt 0:00:05]} 13. Ne5 {[%emt 0:00:04]} Qe7 {[%emt 0:00:07]} 14. Nxc6 {
[%emt 0:00:08]} Bxc6 {[%emt 0:00:03]} 15. d5 {[%emt 0:00:01]} Bd7 {[%emt 0:00:
09]} 16. dxe6 {[%emt 0:00:03]} Bxe6 {[%emt 0:00:03]} 17. Nd5 {[%emt 0:00:13]}
Bxd5 {[%emt 0:00:04]} 18. Rxd5 {[%emt 0:00:06]} Bd6 {[%emt 0:00:05]} 19. Qc3 {
[%emt 0:00:05]} O-O-O {[%emt 0:00:04]} 20. b4 {[%emt 0:00:04]} g4 {[%emt 0:00:
10]} 21. b5 {[%emt 0:00:07]} axb5 {[%emt 0:00:03]} 22. axb5 {[%emt 0:00:01]} h5
{[%emt 0:00:08]} 23. b6 {[%emt 0:00:04]} c6 {[%emt 0:00:05]} 24. Ba6 {[%emt 0:
00:10]} Be5 {[%emt 0:00:15]} 25. Rxd8+ {[%emt 0:00:04]} Rxd8 {[%emt 0:00:08]}
26. Bxb7+ {[%emt 0:00:01]} Kxb7 {[%emt 0:00:14]} 27. Ra7+ {[%emt 0:00:02]} Kb8
{[%emt 0:00:03]} 28. Qc2 {[%emt 0:01:18]} Qd6 {[%emt 0:00:15]} 29. Ra8+ {[%emt
0:00:14]} Kxa8 {[%emt 0:00:08]} 30. Qa4+ {[%emt 0:00:02]} Kb8 {[%emt 0:00:02]}
31. Qa7+ {[%emt 0:00:03]} Kc8 {[%emt 0:00:02]} 32. b7+ {[%emt 0:00:04]} Kd7 {
[%emt 0:00:06]} 33. b8=Q+ {[%emt 0:00:02]} Qc7 {[%emt 0:00:12]} 34. Qbxc7+ {
[%emt 0:00:06]} Bxc7 {[%emt 0:00:02]} 35. g3 {[%emt 0:00:01]} Kc8 {[%emt 0:00:
14]} 36. Kf1 {[%emt 0:00:07]} Rd5 {[%emt 0:00:07]} 37. Qa6+ {[%emt 0:00:07]}
Kd7 {[%emt 0:00:03]} 38. Qa3 {[%emt 0:00:09]} Bd6 {[%emt 0:00:07]} 39. Qb2 {
[%emt 0:00:09]} Be5 {[%emt 0:00:07]} 40. Qc2 {[%emt 0:00:07]} c5 {[%emt 0:00:
05]} 41. Qf5+ {[%emt 0:00:07]} Ke7 {[%emt 0:00:11]} 42. e4 {[%emt 0:00:01]} Rd6
{[%emt 0:00:31]} 43. Qxe5+ {[%emt 0:00:03]} Re6 {[%emt 0:00:02]} 44. Qxc5+ {
[%emt 0:00:01]} Kf6 {[%emt 0:00:02]} 45. Qf5+ {[%emt 0:00:04]} Ke7 {[%emt 0:00:
04]} 46. Qxh5 {[%emt 0:00:02]} Rxe4 {[%emt 0:00:02]} 47. Qg5+ {[%emt 0:00:05]}
f6 {[%emt 0:00:06]} 48. Qf5 {[%emt 0:00:07]} Rd4 {[%emt 0:00:09]} 49. Qc5+ {
[%emt 0:00:02]} Rd6 {[%emt 0:00:02]} 50. Ke2 {[%emt 0:00:02]} Ke6 {[%emt 0:00:
02]} 51. Ke3 {[%emt 0:00:01]} Rd5 {[%emt 0:00:01]} 52. Qc4 {[%emt 0:00:01]} Kd6
{[%emt 0:00:11]} 53. Qxg4 {[%emt 0:00:05]} Re5+ {[%emt 0:00:02]} 54. Kf4 {
[%emt 0:00:04]} Kd5 {[%emt 0:00:03]} 55. Qd7+ {[%emt 0:00:02]} Kc4 {[%emt 0:00:
03]} 56. Qc6+ {[%emt 0:00:02]} Kd4 {[%emt 0:00:06]} 57. Qxf6 {[%emt 0:00:01]}
Kc4 {[%emt 0:00:02]} 58. Qxe5 {[%emt 0:00:02]} Kd3 {[%emt 0:00:03]} 59. Qe4+ {
[%emt 0:00:09]} Kc3 {[%emt 0:00:01]} 60. Ke3 {[%emt 0:00:01]} Kb3 {[%emt 0:00:
02]} 61. Qd4 {[%emt 0:00:01] Jobijo abandonne} 1-0

[Event "T-Director's Swiss sytem"]
[Site "playchess.com #662980"]
[Date "2014.03.16"]
[Round "5"]
[White "Arash Roghani"]
[Black "Kenis"]
[Result "1-0"]
[WhiteElo "1960"]
[BlackElo "1477"]
[PlyCount "89"]
[EventDate "2014.03.16"]
[EventType "swiss (blitz)"]

1. d4 {[%emt 0:00:10]} d5 {[%emt 0:00:12]} 2. c4 {[%emt 0:00:03]} c6 {[%emt 0:
00:01]} 3. Nc3 {[%emt 0:00:03]} Nf6 {[%emt 0:00:04]} 4. Nf3 {[%emt 0:00:03]}
Bg4 {[%emt 0:00:01]} 5. Bg5 {[%emt 0:00:05]} e6 {[%emt 0:00:01]} 6. e3 {[%emt
0:00:03]} Be7 {[%emt 0:00:01]} 7. Be2 {[%emt 0:00:03]} O-O {[%emt 0:00:02]} 8.
O-O {[%emt 0:00:02]} dxc4 {[%emt 0:00:01]} 9. h3 {[%emt 0:00:03]} Bh5 {[%emt 0:
00:01]} 10. Bxc4 {[%emt 0:00:03]} Nd5 {[%emt 0:00:02]} 11. Bxe7 {[%emt 0:00:02]
} Qxe7 {[%emt 0:00:01]} 12. Nxd5 {[%emt 0:00:02]} exd5 {[%emt 0:00:01]} 13. Be2
{[%emt 0:00:01]} Nd7 {[%emt 0:00:02]} 14. Nd2 {[%emt 0:00:06]} Bxe2 {[%emt 0:
00:04]} 15. Qxe2 {[%emt 0:00:02]} Nf6 {[%emt 0:00:01]} 16. Nf3 {[%emt 0:00:02]}
Ne4 {[%emt 0:00:01]} 17. Nd2 {[%emt 0:00:03]} Rfe8 {[%emt 0:00:08]} 18. Nxe4 {
[%emt 0:00:08]} Qxe4 {[%emt 0:00:01]} 19. Rfe1 {[%emt 0:00:03]} Re7 {[%emt 0:
00:02]} 20. Qd2 {[%emt 0:00:05]} Rae8 {[%emt 0:00:03]} 21. Rac1 {[%emt 0:00:07]
} Qg6 {[%emt 0:00:04]} 22. a3 {[%emt 0:00:11]} h6 {[%emt 0:00:01]} 23. b4 {
[%emt 0:00:02]} a6 {[%emt 0:00:01]} 24. a4 {[%emt 0:00:02]} Qd6 {[%emt 0:00:02]
} 25. Rb1 {[%emt 0:00:03]} Rb8 {[%emt 0:00:10]} 26. b5 {[%emt 0:00:02]} axb5 {
[%emt 0:00:01]} 27. axb5 {[%emt 0:00:02]} c5 {[%emt 0:00:01]} 28. dxc5 {[%emt
0:00:02]} Qxc5 {[%emt 0:00:02]} 29. Rec1 {[%emt 0:00:10]} Qd6 {[%emt 0:00:04]}
30. Rd1 {[%emt 0:00:03]} Rd7 {[%emt 0:00:02]} 31. Qd4 {[%emt 0:00:03]} Rc8 {
[%emt 0:00:02]} 32. Rbc1 {[%emt 0:00:04]} Rxc1 {[%emt 0:00:04]} 33. Rxc1 {
[%emt 0:00:01]} g6 {[%emt 0:00:12]} 34. Rc8+ {[%emt 0:00:03]} Rd8 {[%emt 0:00:
03]} 35. Rxd8+ {[%emt 0:00:15]} Qxd8 {[%emt 0:00:02]} 36. e4 {[%emt 0:00:01]}
Qg5 {[%emt 0:00:10]} 37. exd5 {[%emt 0:00:05]} Qc1+ {[%emt 0:00:01]} 38. Kh2 {
[%emt 0:00:02]} Qc7+ {[%emt 0:00:02]} 39. d6 {[%emt 0:00:01]} Qd7 {[%emt 0:00:
01]} 40. Qc5 {[%emt 0:00:05]} Kg7 {[%emt 0:00:05]} 41. Qc7 {[%emt 0:00:01]} Qf5
{[%emt 0:00:02]} 42. d7 {[%emt 0:00:04]} Qxb5 {[%emt 0:00:10]} 43. d8=Q {[%emt
0:00:08]} Qf5 {[%emt 0:00:06]} 44. Qd4+ {[%emt 0:00:02]} Kh7 {[%emt 0:00:14]}
45. Qcd8 {[%emt 0:00:03] Kenis abandonne} 1-0